| 000 | 00343nam a2200121Ia 4500 | ||
|---|---|---|---|
| 008 | 240521s2018 xx 000 0 und d | ||
| 020 | _a978-1-910596-32-6 | ||
| 041 | _aeng | ||
| 100 | _aRUSSELL BROWN | ||
| 245 | _aARCHITECTURAL MATERIAL & DETAIL STRUCTURE - GLASS | ||
| 260 |
_bMEDIA PROMOTERS AND PUBLISHERS PVT LTD _c2018 |
||
| 300 | _a320 | ||
| 999 |
_c1161800 _d1161800 |
||